[Event "21st Panam-ch"]
[Site "Mar del Plata ARG"]
[Date "2012.10.17"]
[Round "7.20"]
[White "Reis, Renan do Carmo"]
[Black "Fusco, Leonardo"]
[Result "1-0"]
[WhiteElo "2306"]
[BlackElo "2379"]
[EventDate "2012.10.12"]
[PlyCount "101"]

1.e4 e5 2.Nf3 Nc6 3.Bb5 a6 4.Ba4 Nf6 5.O-O Be7 6.Re1 b5 7.Bb3 d6 8.c3 O-O 
9.h3 Na5 10.Bc2 c5 11.d4 Nd7 12.b3 Bf6 13.dxc5 dxc5 14.Nbd2 Nc6 15.Nf1 b4 
16.Qd6 Qb6 17.cxb4 Nxb4 18.Qxb6 Nxb6 19.Bb1 Be6 20.Be3 Nd7 21.Rc1 Rfc8 22.
N1d2 a5 23.a3 Nc6 24.Bd3 Nd4 25.Rab1 Rcb8 26.Bxd4 cxd4 27.Rc7 Bd8 28.Rc6 
Be7 29.Bc4 Bxc4 30.Nxc4 Rc8 31.Rxc8+ Rxc8 32.a4 Bb4 33.Nfxe5 Nc5 34.Nd6 
Rc7 35.Nb5 Re7 36.Nc6 Rxe4 37.Nbxd4 Kf8 38.f3 Re3 39.Nxb4 axb4 40.a5 Rd3 
41.Rc1 Rxd4 42.Rxc5 Rd1+ 43.Kf2 Rd2+ 44.Ke3 Rb2 45.Kd4 Rxb3 46.Kc4 Rb1 47.
Rb5 Ra1 48.Kc5 Ke7 49.Kb6 Kd7 50.a6 Kc8 51.a7 1-0

[Event "21st Panam-ch"]
[Site "Mar del Plata ARG"]
[Date "2012.10.17"]
[Round "7.23"]
[White "Contreras Rodriguez, Henry"]
[Black "Kanefsck, Gustavo"]
[Result "0-1"]
[WhiteElo "2220"]
[BlackElo "2358"]
[EventDate "2012.10.12"]
[PlyCount "77"]

1.e4 c6 2.d4 d5 3.Nd2 dxe4 4.Nxe4 Bf5 5.Ng3 Bg6 6.Bc4 e6 7.N1e2 Bd6 8.O-O 
Qc7 9.f4 Ne7 10.Bd3 O-O 11.Ne4 Nd7 12.Kh1 Rfd8 13.c3 c5 14.Rf3 Qc6 15.Nxd6
Qxd6 16.Be3 Qc6 17.Bf2 Bxd3 18.Rxd3 c4 19.Rh3 Nf5 20.Kg1 b5 21.g4 Nd6 22.
Bh4 Re8 23.Ng3 Qd5 24.Qe2 b4 25.Re1 bxc3 26.bxc3 Rab8 27.Qc2 g6 28.Qc1 Qf3
29.Bg5 Qxg4 30.Rh4 Qf3 31.Rf1 Qd5 32.f5 Nxf5 33.Rh3 Nxg3 34.hxg3 e5 35.Bf6
Qe6 36.Qh6 Nxf6 37.d5 Qb6+ 38.Kh1 Qd6 39.g4 0-1

[Event "21st Panam-ch"]
[Site "Mar del Plata ARG"]
[Date "2012.10.17"]
[Round "7.24"]
[White "Fiori, Hector"]
[Black "Toth, Christian Endre"]
[Result "0-1"]
[WhiteElo "2125"]
[BlackElo "2357"]
[EventDate "2012.10.12"]
[PlyCount "52"]

1.e4 c5 2.Nf3 d6 3.d4 cxd4 4.Nxd4 Nf6 5.Nc3 Nc6 6.Be2 g6 7.Be3 Bg7 8.Nb3 
O-O 9.f4 a6 10.O-O b5 11.Bf3 Bb7 12.e5 dxe5 13.fxe5 Nd7 14.e6 fxe6 15.Bg4 
Rxf1+ 16.Qxf1 Nce5 17.Bxe6+ Kh8 18.Rd1 Qc7 19.Qf4 Rf8 20.Rxd7 Qc6 21.Rxb7 
Rxf4 22.Bd5 Qf6 23.Bxf4 Qxf4 24.g3 Qe3+ 25.Kg2 Bf6 26.Ne4 Qe2+ 0-1

[Event "21st Panam-ch"]
[Site "Mar del Plata ARG"]
[Date "2012.10.17"]
[Round "7.25"]
[White "Palmiotto, Marco Ivan"]
[Black "De Dovitiis, Alejo"]
[Result "1/2-1/2"]
[WhiteElo "1985"]
[BlackElo "2348"]
[EventDate "2012.10.12"]
[PlyCount "136"]

1.e4 c5 2.Nf3 e6 3.d3 d5 4.Nbd2 Nc6 5.g3 g6 6.Bg2 Bg7 7.O-O Nge7 8.Re1 b6 
9.h4 h6 10.c3 d4 11.Qc2 e5 12.a4 Be6 13.Rb1 Rc8 14.Nc4 a6 15.Na3 O-O 16.
Qe2 Ba2 17.Ra1 Bb3 18.Nc4 b5 19.axb5 axb5 20.Ncd2 Be6 21.Bf1 Qd7 22.Kh2 
Rfd8 23.cxd4 cxd4 24.Rd1 Nb4 25.Ne1 Ra8 26.Rxa8 Rxa8 27.Nb1 Bb3 28.Na3 Rc8
29.Bh3 f5 30.Bd2 Bxd1 31.Qxd1 Na6 32.h5 b4 33.Nc4 g5 34.exf5 Nxf5 35.Qa1 
Rc6 36.Qa4 Nb8 37.Qxb4 Na6 38.Qb5 Rc7 39.Qxa6 Qf7 40.Qa8+ Bf8 41.Nxe5 Qxh5
42.g4 Qh4 43.gxf5 Qxf2+ 44.Qg2 Qxg2+ 45.Bxg2 Bd6 46.Nf3 g4 47.Kg1 gxf3 48.
Nxf3 Rb7 49.Nxd4 Rxb2 50.Be3 Bc5 51.Bd5+ Kh7 52.Be4 Kg8 53.Kf1 Kf7 54.Ke1 
Kf6 55.Kd1 Bb6 56.Nc2 Bxe3 57.Nxe3 h5 58.Ke1 h4 59.Kf1 h3 60.Nd5+ Ke5 61.
Ne3 Kf4 62.Nd5+ Ke5 63.Kg1 Ra2 64.f6 Ke6 65.Nf4+ Kxf6 66.Nxh3 Ke5 67.Nf2 
Kd4 68.Ng4 Rd2 1/2-1/2

[Event "21st Panam-ch"]
[Site "Mar del Plata ARG"]
[Date "2012.10.17"]
[Round "7.26"]
[White "Martinez De Negri, Gonzalo"]
[Black "Fabian, Gaston"]
[Result "1/2-1/2"]
[WhiteElo "2123"]
[BlackElo "2344"]
[EventDate "2012.10.12"]
[PlyCount "91"]

1.e4 e5 2.Nf3 Nc6 3.Bb5 Nf6 4.O-O Nxe4 5.d4 Nd6 6.Bg5 f6 7.dxe5 Nxb5 8.
exf6 gxf6 9.Re1+ Kf7 10.Bh4 Kg7 11.Qd5 Nd6 12.Nc3 Rg8 13.Qh5 Kh8 14.Nd5 
Bg7 15.Bg3 Bf8 16.c4 b6 17.b4 Bb7 18.c5 bxc5 19.bxc5 Ne8 20.Rad1 Ne7 21.
Bxc7 Nxd5 22.Bxd8 Nf4 23.Qf5 Rxg2+ 24.Kh1 Bxf3 25.Qxf4 Rg3+ 26.Qxf3 Rxf3 
27.Rxe8 Kg8 28.Kg2 Rf5 29.Rxd7 Rxc5 30.Re6 Rg5+ 31.Kf3 Rf5+ 32.Ke2 Rc8 33.
Rd2 Bh6 34.Rdd6 Rc2+ 35.Kd3 Rd2+ 36.Kc4 Rxd6 37.Rxd6 Rxf2 38.Rxf6 Rxh2 39.
Ra6 Be3 40.Kd3 Rh3 41.Ke4 Rh6 42.Rxh6 Bxh6 43.a4 Bd2 44.a5 a6 45.Kd5 Kf7 
46.Kc6 1/2-1/2

[Event "21st Panam-ch"]
[Site "Mar del Plata ARG"]
[Date "2012.10.17"]
[Round "7.27"]
[White "Della Morte, German"]
[Black "Borja Avila, Raul"]
[Result "1-0"]
[WhiteElo "2346"]
[BlackElo "2140"]
[EventDate "2012.10.12"]
[PlyCount "81"]

1.e4 c6 2.d4 g6 3.Nc3 d5 4.h3 Bg7 5.Nf3 Nf6 6.e5 Ne4 7.Bd3 Nxc3 8.bxc3 c5 
9.O-O Qa5 10.Qd2 Nc6 11.a4 a6 12.Re1 O-O 13.Ba3 c4 14.Bf1 Qc7 15.g3 h6 16.
Nh4 g5 17.Nf3 Bf5 18.Bg2 Qd7 19.Kh2 Rfb8 20.h4 f6 21.Qe3 g4 22.e6 Qe8 23.
Ng1 Rd8 24.Bc5 Rac8 25.Ne2 h5 26.Rab1 Rb8 27.Bb6 Rdc8 28.Rb2 Qg6 29.Nf4 
Qh7 30.Re2 Bh6 31.Bxd5 Nd8 32.Ba7 b5 33.Bxb8 Rxb8 34.Bxc4 Rc8 35.Ba2 bxa4 
36.d5 a3 37.Rb6 Bxc2 38.d6 Bf5 39.d7 Ra8 40.Bd5 Bxf4 41.Qxf4 1-0

[Event "21st Panam-ch"]
[Site "Mar del Plata ARG"]
[Date "2012.10.17"]
[Round "7.29"]
[White "Leiva, Giuseppe"]
[Black "Rioseco Pinochet, Fernan"]
[Result "1-0"]
[WhiteElo "2321"]
[BlackElo "2236"]
[EventDate "2012.10.12"]
[PlyCount "59"]

1.Nf3 Nf6 2.c4 g6 3.g3 Bg7 4.Bg2 O-O 5.O-O d6 6.Nc3 Nc6 7.d4 a6 8.h3 Rb8 
9.Be3 b5 10.Nd2 Na5 11.cxb5 axb5 12.b4 Nc4 13.Nxc4 bxc4 14.b5 d5 15.a4 Bb7
16.a5 Ne4 17.Nxe4 dxe4 18.Qc2 Bd5 19.Bxe4 Rxb5 20.a6 e6 21.a7 Qa8 22.Bxd5 
exd5 23.Rfb1 c6 24.Qa4 Rc8 25.Qa6 Rd8 26.Rxb5 cxb5 27.Qxb5 h5 28.Qb6 Rc8 
29.Rb1 Kh7 30.Qb8 1-0

[Event "21st Panam-ch"]
[Site "Mar del Plata ARG"]
[Date "2012.10.17"]
[Round "7.30"]
[White "Nina Campos, Miguel Angel"]
[Black "Lingua, Alejo"]
[Result "0-1"]
[WhiteElo "2298"]
[BlackElo "2232"]
[EventDate "2012.10.12"]
[PlyCount "100"]

1.d4 Nf6 2.Nf3 c5 3.c4 cxd4 4.Nxd4 b6 5.Nc3 Bb7 6.Bg5 d6 7.f3 e6 8.e4 Be7 
9.Qd2 O-O 10.Be2 a6 11.O-O Nbd7 12.Kh1 Qc7 13.Rac1 Rfe8 14.Rfd1 Rac8 15.
Be3 Qb8 16.Qe1 d5 17.cxd5 exd5 18.exd5 Bb4 19.Bf2 Nxd5 20.Bg3 Qa8 21.Qd2 
Nf8 22.Bd3 Ng6 23.Nf5 Rcd8 24.Qf2 Bc5 25.Qf1 Nxc3 26.Rxc3 Ne5 27.Bc2 g6 
28.Nh6+ Kg7 29.Bxe5+ Rxe5 30.Ng4 Ree8 31.Rcd3 h5 32.Nf2 Rxd3 33.Bxd3 Bxf3 
34.gxf3 Qxf3+ 35.Qg2 Qxf2 36.Qxf2 Bxf2 37.Bxa6 Re1+ 38.Rxe1 Bxe1 39.Bb5 
Kf6 40.Kg2 Ke7 41.b3 g5 42.Bd3 Kf6 43.h3 g4 44.a4 Kg5 45.Bb5 f5 46.Be8 f4 
47.hxg4 hxg4 48.Bc6 Bb4 49.Bd5 Kf5 50.Bc6 f3+ 0-1

[Event "21st Panam-ch"]
[Site "Mar del Plata ARG"]
[Date "2012.10.17"]
[Round "7.31"]
[White "Assumpcao, Roberto"]
[Black "Paiva, Pedro Henrique de"]
[Result "0-1"]
[WhiteElo "2218"]
[BlackElo "2289"]
[EventDate "2012.10.12"]
[PlyCount "48"]

1.e4 c5 2.Nf3 Nc6 3.Bb5 Na5 4.O-O a6 5.Be2 e6 6.d4 cxd4 7.Nxd4 Qc7 8.Nc3 
b5 9.Bf3 Bb7 10.Re1 d6 11.Bg5 Nf6 12.Bxf6 gxf6 13.Bh5 O-O-O 14.b4 Qxc3 15.
bxa5 d5 16.Re3 Qc7 17.Qe1 Kb8 18.Rd1 Bc5 19.Rc3 b4 20.Rxc5 Qxc5 21.e5 Rd7 
22.exf6 Rc8 23.Nf3 d4 24.Qe5+ Rcc7 0-1

[Event "21st Panam-ch"]
[Site "Mar del Plata ARG"]
[Date "2012.10.17"]
[Round "7.32"]
[White "Tokman, Ariel"]
[Black "Ferro, Ezequiel"]
[Result "1/2-1/2"]
[WhiteElo "2283"]
[BlackElo "2214"]
[EventDate "2012.10.12"]
[PlyCount "105"]

1.c4 e5 2.g3 Nf6 3.Bg2 d5 4.cxd5 Nxd5 5.Nc3 Nb6 6.Nf3 Nc6 7.a3 Be7 8.O-O 
O-O 9.d3 Be6 10.b4 f6 11.Bb2 a5 12.b5 Nd4 13.Nxd4 exd4 14.Ne4 a4 15.Qc1 
Bd5 16.Nd2 Bxg2 17.Kxg2 Qd5+ 18.Nf3 Bc5 19.Qf4 Rfe8 20.Rfe1 Re7 21.Rac1 
Rae8 22.Kf1 Bd6 23.Qd2 Qxb5 24.Nxd4 Qh5 25.Kg1 Nd5 26.e3 c6 27.Qd1 Qg6 28.
e4 Nf4 29.Kh1 Nh3 30.Qf3 Be5 31.Rb1 Rd7 32.Nf5 Rxd3 33.Qe2 Bxb2 34.Qxb2 
Qg4 35.Qe2 Qxe2 36.Rxe2 Rxe4 37.Rxe4 Nxf2+ 38.Kg2 Nxe4 39.Rxb7 Rxa3 40.
Rxg7+ Kf8 41.Ra7 c5 42.g4 c4 43.h4 c3 44.Rc7 Rb3 45.Kf3 a3 46.Kxe4 a2 47.
Rc8+ Kf7 48.Rc7+ Ke8 49.Ng7+ Kd8 50.Ne6+ Ke8 51.Ng7+ Kd8 52.Ne6+ Ke8 53.
Ng7+ 1/2-1/2

[Event "21st Panam-ch"]
[Site "Mar del Plata ARG"]
[Date "2012.10.17"]
[Round "7.33"]
[White "Caceres Vasquez, Sergio"]
[Black "Umetsubo, Cesar Hidemitsu"]
[Result "1/2-1/2"]
[WhiteElo "2213"]
[BlackElo "2276"]
[EventDate "2012.10.12"]
[PlyCount "95"]

1.d4 d5 2.c4 e6 3.Nc3 Nf6 4.cxd5 exd5 5.Bg5 Be7 6.e3 O-O 7.Bd3 c6 8.Qc2 
Nbd7 9.Nge2 Re8 10.O-O Nf8 11.f3 Be6 12.Rad1 Rc8 13.e4 dxe4 14.fxe4 Ng6 
15.e5 Nd5 16.Bxe7 Qxe7 17.Nxd5 cxd5 18.Nc3 a6 19.Qf2 b5 20.Ne2 Rc7 21.Nc1 
Nf8 22.Nb3 Nd7 23.Rc1 Rec8 24.Rxc7 Rxc7 25.Qd2 h5 26.Bb1 Rc4 27.Qd3 g6 28.
Qg3 Kg7 29.h3 Qb4 30.Qf2 Qe7 31.Nd2 Rc6 32.Nf3 Nf8 33.Kh2 Nh7 34.Nd2 Nf8 
35.Nb3 Nd7 36.Qd2 Qh4 37.Qf2 Qe7 38.Nc1 a5 39.Bd3 b4 40.Bb5 Rc7 41.Bxd7 
Bxd7 42.Nb3 Bf5 43.Nc5 h4 44.Qe3 Rc8 45.Re1 Rc6 46.Qf3 Qd8 47.Qe3 Qe7 48.
Rf1 1/2-1/2

[Event "21st Panam-ch"]
[Site "Mar del Plata ARG"]
[Date "2012.10.17"]
[Round "7.34"]
[White "Toniutti, Ezio"]
[Black "Viana, Dirceu"]
[Result "1-0"]
[WhiteElo "2162"]
[BlackElo "2275"]
[EventDate "2012.10.12"]
[PlyCount "44"]

1.d4 d5 2.c4 dxc4 3.e3 e5 4.Bxc4 exd4 5.exd4 Bd6 6.Nf3 Nf6 7.O-O O-O 8.h3 
h6 9.Ne5 Nbd7 10.Bf4 Nb6 11.Bb3 Nbd5 12.Bg3 c6 13.Nd2 Bf5 14.Re1 Re8 15.
Qf3 Be6 16.a3 Nc7 17.Bc2 Bd5 18.Qd3 Ne6 19.Bh4 Nf4 20.Qf5 Nxg2 21.Bxf6 
Qxf6 22.Qh7+ Kf8 1-0

[Event "21st Panam-ch"]
[Site "Mar del Plata ARG"]
[Date "2012.10.17"]
[Round "7.35"]
[White "Sabas, Jorge"]
[Black "Gascon Del Nogal, Jose Rafael"]
[Result "0-1"]
[WhiteElo "2274"]
[BlackElo "2206"]
[EventDate "2012.10.12"]
[PlyCount "62"]

1.d4 d5 2.c4 c6 3.Nf3 Nf6 4.e3 a6 5.Bd3 b5 6.b3 Bg4 7.O-O e6 8.Nbd2 Bd6 9.
Bb2 Nbd7 10.e4 dxe4 11.Nxe4 Nxe4 12.Bxe4 Rc8 13.Re1 O-O 14.Qe2 Qc7 15.h3 
Bh5 16.a4 bxc4 17.Qxc4 Nb6 18.Qxa6 f5 19.Bc2 Bxf3 20.gxf3 Rf6 21.a5 Nd5 
22.Qc4 Rh6 23.Bc1 Rxh3 24.Rxe6 Qf7 25.Rxd6 Qh5 26.Kf1 Qxf3 27.Ke1 Rh1+ 28.
Kd2 Qxf2+ 29.Qe2 Qf4+ 30.Kd3 Rh3+ 31.Be3 Rxe3+ 0-1

[Event "21st Panam-ch"]
[Site "Mar del Plata ARG"]
[Date "2012.10.17"]
[Round "7.36"]
[White "San Martin Basualto, Epiro"]
[Black "Feliciano Ebert, Vanessa"]
[Result "0-1"]
[WhiteElo "2114"]
[BlackElo "2268"]
[EventDate "2012.10.12"]
[PlyCount "68"]

1.d4 Nf6 2.c4 g6 3.Nc3 Bg7 4.e4 d6 5.f3 O-O 6.Bg5 Nc6 7.Nge2 a6 8.Rc1 Rb8 
9.b3 Bd7 10.d5 Na5 11.Qd2 c5 12.Bh6 b5 13.cxb5 axb5 14.Bxg7 Kxg7 15.Ng3 
Qb6 16.Be2 h5 17.Qg5 e6 18.dxe6 Bxe6 19.f4 Rh8 20.e5 dxe5 21.fxe5 Nd7 22.
Nxh5+ Rxh5 23.Bxh5 c4 24.b4 Nc6 25.a3 Ndxe5 26.Be2 Re8 27.Ne4 Nd3+ 28.Bxd3
cxd3 29.Qf6+ Kg8 30.Qf2 d2+ 31.Kxd2 Qd8+ 32.Kc3 Bf5 33.Rhd1 Qe7 34.Nc5 
Qf6+ 0-1

[Event "21st Panam-ch"]
[Site "Mar del Plata ARG"]
[Date "2012.10.17"]
[Round "7.38"]
[White "Espinoza Palomino, Willyam"]
[Black "Pineiro, Dario"]
[Result "1-0"]
[WhiteElo "2265"]
[BlackElo "2141"]
[EventDate "2012.10.12"]
[PlyCount "65"]

1.e4 e5 2.Nf3 Nf6 3.Nxe5 d6 4.Nf3 Nxe4 5.Nc3 Nxc3 6.dxc3 Be7 7.Be3 Nc6 8.
Qd2 Be6 9.O-O-O Qd7 10.h4 h6 11.h5 O-O-O 12.Nd4 Nxd4 13.Bxd4 Qa4 14.a3 c5 
15.Be3 d5 16.Be2 Kb8 17.Kb1 Ka8 18.Bf4 d4 19.Be5 d3 20.cxd3 f6 21.Bg3 Qb3 
22.c4 Bxc4 23.Qc3 Qxc3 24.bxc3 Bb3 25.Rd2 c4 26.Kb2 cxd3 27.Rxd3 Rxd3 28.
Bxd3 Bd5 29.f3 Rd8 30.Re1 Bc5 31.Bg6 b6 32.Rd1 Kb7 33.Rxd5 1-0

[Event "21st Panam-ch"]
[Site "Mar del Plata ARG"]
[Date "2012.10.17"]
[Round "7.39"]
[White "Perez, Maximiliano"]
[Black "Fernandez, Maria Florencia"]
[Result "1/2-1/2"]
[WhiteElo "2264"]
[BlackElo "2138"]
[EventDate "2012.10.12"]
[PlyCount "63"]

1.Nf3 Nf6 2.g3 g6 3.b4 Bg7 4.Bb2 O-O 5.Bg2 d6 6.O-O e5 7.c4 Nfd7 8.Nc3 f5 
9.d4 e4 10.Ne1 Nc6 11.Nc2 Nb6 12.d5 Nxb4 13.Nxb4 Nxc4 14.Qb3 Nxb2 15.a4 
Bxc3 16.Qxc3 Qf6 17.Qb3 Bd7 18.Rfb1 a5 19.Nc2 Nxa4 20.Rxa4 Bxa4 21.Qxa4 
Rfb8 22.Nd4 Qf7 23.Qb5 a4 24.f3 exf3 25.Bxf3 a3 26.Ra1 Ra6 27.Ra2 Qe8 28.
Qd3 Rba8 29.Nb5 Qd7 30.e4 Ra5 31.Nd4 fxe4 32.Bxe4 1/2-1/2

[Event "21st Panam-ch"]
[Site "Mar del Plata ARG"]
[Date "2012.10.17"]
[Round "7.40"]
[White "Cuevas, Alex"]
[Black "Brizzi, Victor Emmanuel"]
[Result "1-0"]
[WhiteElo "2263"]
[BlackElo "1930"]
[EventDate "2012.10.12"]
[PlyCount "59"]

1.c4 f5 2.g3 Nf6 3.Bg2 d6 4.Nc3 g6 5.d3 Bg7 6.e4 e5 7.Nge2 O-O 8.O-O Nc6 
9.Nd5 Be6 10.Bg5 Ne7 11.Nxf6+ Bxf6 12.Bh6 Bg7 13.Bxg7 Kxg7 14.exf5 gxf5 
15.f4 c6 16.Kh1 Qb6 17.Qc1 Ng6 18.h4 Qc5 19.b4 Qxb4 20.h5 Nh8 21.fxe5 dxe5
22.Qg5+ Kf7 23.Rab1 Qe7 24.Qe3 Qc7 25.Qh6 Rg8 26.Bh3 Rg7 27.g4 Qd7 28.gxf5
Qxd3 29.Rxb7+ Bd7 30.Rxd7+ 1-0

[Event "21st Panam-ch"]
[Site "Mar del Plata ARG"]
[Date "2012.10.17"]
[Round "7.41"]
[White "Mellano, Santiago"]
[Black "Sampaio, Leonardo de Souza Prallon"]
[Result "1-0"]
[WhiteElo "2242"]
[BlackElo "1976"]
[EventDate "2012.10.12"]
[PlyCount "80"]

1.Nf3 Nf6 2.d4 e6 3.e3 b6 4.Bd3 Bb7 5.O-O Be7 6.c4 O-O 7.Nc3 d5 8.b3 c5 9.
Bb2 Nc6 10.Rc1 Rc8 11.Qe2 dxc4 12.bxc4 Qc7 13.d5 exd5 14.cxd5 Nb4 15.e4 
Nxd3 16.Qxd3 Rfd8 17.Rfe1 a6 18.a4 c4 19.Qe2 Bb4 20.Nd4 Re8 21.Qe3 Rcd8 
22.Nf5 Bc8 23.Nxg7 Kxg7 24.Nb5 Qe7 25.d6 Bxd6 26.Nxd6 Rxd6 27.Qg3+ Kh8 28.
Ba3 Nxe4 29.Bxd6 Qf6 30.Bb8 Bb7 31.Qf4 Qg6 32.f3 Rg8 33.Re2 Qg5 34.Qxg5 
Nxg5 35.Be5+ Rg7 36.Bxg7+ Kxg7 37.Rxc4 b5 38.Rc7 Bd5 39.Rc5 Bc4 40.Rxg5+ 
Kh6 1-0

[Event "21st Panam-ch"]
[Site "Mar del Plata ARG"]
[Date "2012.10.17"]
[Round "7.42"]
[White "Villegas, Franco"]
[Black "Mahia, Gustavo"]
[Result "0-1"]
[WhiteElo "1852"]
[BlackElo "2409"]
[EventDate "2012.10.12"]
[PlyCount "92"]

1.e4 c6 2.d4 d5 3.e5 Bf5 4.h4 h6 5.c4 e6 6.Nc3 Ne7 7.cxd5 Nxd5 8.Bd3 Bxd3 
9.Qxd3 Nb4 10.Qe2 Qxd4 11.Nf3 Qd3 12.Qxd3 Nxd3+ 13.Ke2 Nb4 14.Be3 Nd7 15.
Rhd1 Be7 16.Rac1 Nb6 17.Ne4 N4d5 18.Bc5 Bxc5 19.Nxc5 O-O-O 20.Rd4 Ne7 21.
Rf4 Rhf8 22.h5 Kb8 23.Nd2 Nbd5 24.Rg4 Nf5 25.Nc4 Nde7 26.Na5 b6 27.Na6+ 
Kc8 28.Nxc6 Nxc6 29.Rxc6+ Kb7 30.Rc7+ Kxa6 31.Ra4+ Kb5 32.Raxa7 Rd5 33.
Rxf7 Rxe5+ 34.Kf1 Rc8 35.g4 Nh4 36.Kg1 Rc1+ 37.Kh2 Ree1 38.a4+ Kb4 39.Kg3 
g5 40.hxg6 Nxg6 41.Rf6 Rg1+ 42.Kf3 Ne5+ 43.Kf4 Rce1 44.Rg7 Nd3+ 45.Kf3 
Ne5+ 46.Kf4 Rg2 0-1

[Event "21st Panam-ch"]
[Site "Mar del Plata ARG"]
[Date "2012.10.17"]
[Round "7.43"]
[White "Zuluaga Mancilla, Cesar"]
[Black "Baeta, Marcio Netto"]
[Result "1-0"]
[WhiteElo "2394"]
[BlackElo "2101"]
[EventDate "2012.10.12"]
[PlyCount "80"]

1.d4 Nf6 2.Nf3 c5 3.d5 b5 4.a4 b4 5.c4 g6 6.Qc2 Na6 7.b3 Bg7 8.Bb2 O-O 9.
e4 d6 10.Nbd2 Nc7 11.h3 e5 12.dxe6 Nxe6 13.O-O-O Bb7 14.g3 Re8 15.Bd3 Nd7 
16.Bxg7 Kxg7 17.Qb2+ f6 18.Rhe1 Ne5 19.Bf1 Qe7 20.Re3 Nc6 21.Bg2 Rac8 22.
Ne1 Ncd4 23.Nd3 Qf7 24.f4 Kg8 25.Rde1 f5 26.h4 Ng7 27.Nxb4 fxe4 28.Nxe4 
Ngf5 29.Nf6+ Qxf6 30.Rxe8+ Rxe8 31.Rxe8+ Kf7 32.Bxb7 Kxe8 33.Nd5 Qd8 34.
Qg2 Nxb3+ 35.Kb2 Na5 36.Ba6 Kf7 37.g4 Qb8+ 38.Bb5 Nxc4+ 39.Ka2 Nd4 40.Qe4 
Nxb5 1-0

[Event "21st Panam-ch"]
[Site "Mar del Plata ARG"]
[Date "2012.10.17"]
[Round "7.44"]
[White "Lujan, Carolina"]
[Black "Fonseca, Luis Ernesto Serra"]
[Result "1-0"]
[WhiteElo "2379"]
[BlackElo "2096"]
[EventDate "2012.10.12"]
[PlyCount "75"]

1.e4 c5 2.Nf3 d6 3.c3 Nf6 4.h3 Nc6 5.Bd3 g6 6.Bc2 Bg7 7.O-O O-O 8.d4 Nd7 
9.d5 Nce5 10.Nh2 a6 11.Nd2 Nf6 12.f4 Ned7 13.Ndf3 b5 14.Qe1 Nb6 15.Qh4 e6 
16.dxe6 fxe6 17.e5 Nh5 18.Qxd8 Rxd8 19.g4 Ng3 20.Re1 d5 21.Kg2 Ne4 22.Bxe4
dxe4 23.Ng5 Nd5 24.Nxe4 c4 25.Nf3 h6 26.Nd4 Kf7 27.Nd6+ Rxd6 28.exd6 Bxd4 
29.cxd4 Ra7 30.f5 exf5 31.Re5 fxg4 32.Bxh6 gxh3+ 33.Kg3 Nf6 34.Rd1 Ng8 35.
Bg5 Bd7 36.Rc5 Rb7 37.Rc7 Rxc7 38.dxc7 1-0

[Event "21st Panam-ch"]
[Site "Mar del Plata ARG"]
[Date "2012.10.17"]
[Round "7.45"]
[White "Teixeira, Ricardo da Silva"]
[Black "Okamura, Milton Kasuo"]
[Result "1/2-1/2"]
[WhiteElo "2276"]
[BlackElo "2092"]
[EventDate "2012.10.12"]
[PlyCount "125"]

1.c4 e5 2.Nc3 Nf6 3.Nf3 Nc6 4.e4 Bc5 5.Nxe5 Nxe5 6.d4 Bb4 7.dxe5 Nxe4 8.
Qd4 Nxc3 9.bxc3 Be7 10.Bd3 O-O 11.O-O d6 12.Bf4 c5 13.Qe4 g6 14.Rad1 Qb6 
15.exd6 Bxd6 16.Bh6 Rd8 17.Qf3 Qc7 18.h4 Be6 19.h5 Be5 20.Rb1 Rab8 21.Rfe1
b6 22.Rb3 Re8 23.Bg5 Rbc8 24.h6 f5 25.Bf1 Bd7 26.Rd1 Bc6 27.Qh3 Ba4 28.g4 
Rf8 29.Bg2 Bf6 30.Bd5+ Kh8 31.Bxf6+ Rxf6 32.g5 Rff8 33.Re1 Bxb3 34.axb3 
Rfe8 35.Re3 Qf4 36.Qg3 Qxg3+ 37.Rxg3 f4 38.Rg4 Rf8 39.Kg2 Rce8 40.Kf3 Re5 
41.Be4 Re7 42.Rg1 Rfe8 43.Re1 Rf8 44.Ra1 a5 45.Rd1 Re5 46.Rg1 Ree8 47.Rg4 
Rd8 48.Rg1 Rd2 49.Rb1 Rfd8 50.Bd5 Rc2 51.Re1 Rf8 52.Re7 Rxc3+ 53.Kg4 Rxb3 
54.Ra7 Rb2 55.f3 Rb1 56.Be4 Rg1+ 57.Kh4 Ra1 58.Bc6 Ra3 59.Kg4 Rb3 60.Rb7 
Rb4 61.Bd5 a4 62.Ra7 Rd8 63.Be6 1/2-1/2

[Event "21st Panam-ch"]
[Site "Mar del Plata ARG"]
[Date "2012.10.17"]
[Round "7.46"]
[White "Cerda Albornoz, Guillermo"]
[Black "Crespo, Eugenio"]
[Result "1-0"]
[WhiteElo "2267"]
[BlackElo "2076"]
[EventDate "2012.10.12"]
[PlyCount "94"]

1.e4 e6 2.e5 d5 3.exd6 Bxd6 4.d4 Nf6 5.Nf3 O-O 6.Bg5 Nbd7 7.Nc3 c5 8.Ne4 
Be7 9.Nxf6+ Nxf6 10.c3 cxd4 11.Qxd4 h6 12.Qxd8 Rxd8 13.Bf4 Bd7 14.Be2 Nd5 
15.Bg3 Bf6 16.O-O Ba4 17.Rac1 Rac8 18.Rfe1 g5 19.Ne5 Bg7 20.Bd1 Nb6 21.b3 
Be8 22.c4 f6 23.Nf3 e5 24.Bc2 Bc6 25.Bf5 Ra8 26.Red1 Nd7 27.Ne1 Bf8 28.Nc2
Kf7 29.Rd2 Nc5 30.Rcd1 Rxd2 31.Rxd2 Ne6 32.f3 Bc5+ 33.Bf2 Bxf2+ 34.Kxf2 
Ke7 35.Bxe6 Kxe6 36.Na3 h5 37.c5 a5 38.Rd6+ Ke7 39.Nc4 Kf7 40.h3 Rc8 41.a3
e4 42.Rd4 Ke6 43.fxe4 Bxe4 44.Nd6 Rxc5 45.Nxe4 Rb5 46.b4 Ke5 47.Ke3 g4 1-0

[Event "21st Panam-ch"]
[Site "Mar del Plata ARG"]
[Date "2012.10.17"]
[Round "7.47"]
[White "Tobares, Leandro"]
[Black "Pirola, Marcos"]
[Result "1-0"]
[WhiteElo "2261"]
[BlackElo "2070"]
[EventDate "2012.10.12"]
[PlyCount "57"]

1.c4 Nf6 2.Nc3 e5 3.g3 g6 4.Bg2 Bg7 5.Nf3 d6 6.O-O O-O 7.d3 Re8 8.h3 c6 9.
e4 Na6 10.Be3 Nc7 11.d4 exd4 12.Nxd4 Ne6 13.Nb3 Qe7 14.Re1 Rd8 15.Qc2 Nd7 
16.Rad1 Nec5 17.e5 Bxe5 18.Bxc5 dxc5 19.f4 f6 20.fxe5 Nxe5 21.Rxd8+ Qxd8 
22.Ne4 Be6 23.Qc3 Bxc4 24.Nxf6+ Qxf6 25.Rxe5 Qf7 26.Nxc5 Rd8 27.Ne4 Bxa2 
28.Nf6+ Kf8 29.Qa3+ 1-0

[Event "21st Panam-ch"]
[Site "Mar del Plata ARG"]
[Date "2012.10.17"]
[Round "7.48"]
[White "Cervetto, Esteban"]
[Black "Batista, Gerson Peres"]
[Result "1-0"]
[WhiteElo "2100"]
[BlackElo "2233"]
[EventDate "2012.10.12"]
[PlyCount "41"]

1.e4 e5 2.Nf3 Nc6 3.Bb5 f5 4.Nc3 fxe4 5.Nxe4 Nf6 6.Qe2 d5 7.Ng3 Bd6 8.Nxe5
O-O 9.Nxc6 bxc6 10.Bxc6 Rb8 11.O-O Rb6 12.Ba4 Ng4 13.d4 Qh4 14.h3 Nxf2 15.
Rxf2 Rxf2 16.Qxf2 Bxg3 17.Qf3 Rf6 18.Qxd5+ Re6 19.Bg5 Bf2+ 20.Kh1 Qxd4 21.
Bb3 1-0

[Event "21st Panam-ch"]
[Site "Mar del Plata ARG"]
[Date "2012.10.17"]
[Round "7.49"]
[White "Bouwman, Marcelo Wanderley"]
[Black "Morelli, Nicolas"]
[Result "1/2-1/2"]
[WhiteElo "2233"]
[BlackElo "2036"]
[EventDate "2012.10.12"]
[PlyCount "38"]

1.e4 e5 2.Nc3 Nc6 3.Bc4 Nf6 4.d3 h6 5.f4 exf4 6.Bxf4 d6 7.Nf3 Bg4 8.Qd2 
Be7 9.O-O Qd7 10.Rae1 Nh5 11.Be3 Bxf3 12.gxf3 Ne5 13.Bb3 Bh4 14.Rd1 g5 15.
d4 Ng6 16.Ba4 c6 17.d5 O-O-O 18.dxc6 bxc6 19.Ne2 Ne5 1/2-1/2

[Event "21st Panam-ch"]
[Site "Mar del Plata ARG"]
[Date "2012.10.17"]
[Round "7.50"]
[White "Sanchez Sandoval, Gonzalo"]
[Black "Anino, Sergio"]
[Result "1-0"]
[WhiteElo "2029"]
[BlackElo "2226"]
[EventDate "2012.10.12"]
[PlyCount "81"]

1.e4 e5 2.Nf3 Nc6 3.Bb5 Nge7 4.Nc3 d6 5.d4 exd4 6.Nxd4 a6 7.Be2 Nxd4 8.
Qxd4 Nc6 9.Qd1 g6 10.Be3 Bg7 11.Qd2 Be6 12.O-O O-O 13.f4 f5 14.exf5 Bxf5 
15.Bf3 Kh8 16.Nd5 Rb8 17.c4 Re8 18.Rac1 Qd7 19.b4 h5 20.Kh1 a5 21.b5 Nb4 
22.Ba7 Ra8 23.Bg1 Nxd5 24.Bxd5 c6 25.Bf3 cxb5 26.cxb5 Qxb5 27.Rfd1 Rad8 
28.Rc7 Rd7 29.Rxd7 Qxd7 30.Qxa5 Be4 31.Bxe4 Rxe4 32.Qb6 Qc6 33.Qd8+ Kh7 
34.Rxd6 Qc2 35.Rd2 Qc1 36.Rd7 Re1 37.Qb6 Kh6 38.f5 Rxg1+ 39.Qxg1 Qc6 40.
Qd1 Kh7 41.fxg6+ 1-0

[Event "21st Panam-ch"]
[Site "Mar del Plata ARG"]
[Date "2012.10.17"]
[Round "7.51"]
[White "Jorquera Alfaro, Mauricio"]
[Black "Zuriel, Marisa"]
[Result "0-1"]
[WhiteElo "2036"]
[BlackElo "2217"]
[EventDate "2012.10.12"]
[PlyCount "142"]

1.d4 Nf6 2.c4 c5 3.d5 b5 4.cxb5 a6 5.bxa6 g6 6.Nf3 Bxa6 7.g3 Bg7 8.Bg2 d6 
9.O-O O-O 10.Nc3 Nbd7 11.Rb1 Qa5 12.Qc2 Rfb8 13.Rd1 Ne8 14.Bd2 Nc7 15.a4 
Qb6 16.b3 Bb7 17.e4 Na6 18.Nb5 Rc8 19.Bh3 Qd8 20.Rdc1 Rcb8 21.Qd3 Bc8 22.
Bc3 Bxc3 23.Qxc3 Nb4 24.Qe3 Nf6 25.Bxc8 Qxc8 26.Kg2 Kg7 27.h3 Qd7 28.Rc4 
Re8 29.Rd1 Qb7 30.Ne1 h6 31.Kh2 Kh7 32.Nd3 Nxd3 33.Qxd3 Nd7 34.f4 Nb6 35.
Rc2 c4 36.bxc4 Nxa4 37.e5 Nc5 38.Qf3 Qd7 39.Re1 Rf8 40.exd6 exd6 41.Rce2 
Kg8 42.f5 Rad8 43.f6 Kh7 44.Re7 Qf5 45.Qxf5 gxf5 46.Rf1 Kg6 47.Nd4 Ra8 48.
Re2 Ra4 49.Nxf5 Rxc4 50.Nxd6 Rd4 51.Nf5 Rd3 52.Ne7+ Kh7 53.Rff2 Re8 54.Re5
Nd7 55.Ref5 Ra8 56.R5f3 Rd1 57.Re3 Raa1 58.g4 Rh1+ 59.Kg3 Rhg1+ 60.Kf4 Ra6
61.Nc6 Ra4+ 62.Re4 Ra3 63.h4 Nxf6 64.Re7 Nxd5+ 65.Ke5 Nxe7 66.Nxe7 Re3+ 
67.Kd6 Rd1+ 68.Nd5 Kg7 69.g5 hxg5 70.hxg5 Re6+ 71.Kc5 Re5 0-1